000 00410nam a2200169Ia 4500
008 230711s9999||||xx |||||||||||||| ||und||
020 _a978-81-940414-0-5
041 _aENG
082 _a720
_bAD-I
100 _aAdvani, Rejesh
245 0 _aIndia: Unbuilt Architecture
250 _a1st Ed.
260 _c2019
_aNew Delhi
_bArchiSHOTS Publishers
300 _a303p.
650 _aArchitecture
942 _cBK
999 _c6850
_d6850